000 00372 a2200157 4500
001 73372
020 _a8521500173
040 _cAnchieta - Colégio São Paulo
100 _aAquino, Rubim Santos Leão de
240 1 0 _aHistória das sociedades
_lpor
245 1 0 _aHistória das sociedades
300 _a458
362 0 _a0
650 4 _aHistória do mundo
942 _cBK
999 _c73372
_d73372